English idioms and how to use them (Record no. 373208)

000 -LEADER
fixed length control field 00374cam a22001337a 4500
008 - FIXED-LENGTH DATA ELEMENTS--GENERAL INFORMATION
fixed length control field 180718b1958 xxu||||| |||| 00| 0 eng d
082 ## - DEWEY DECIMAL CLASSIFICATION NUMBER
Classification number A321 M229
100 ## - MAIN ENTRY--PERSONAL NAME
Personal name McMordie, W.
245 ## - TITLE STATEMENT
Title English idioms and how to use them
Statement of responsibility, etc. by W. McMordie
250 ## - EDITION STATEMENT
Edition statement 3rd ed.
260 ## - PUBLICATION, DISTRIBUTION, ETC.
Place of publication, distribution, etc. London
Name of publisher, distributor, etc. OUP
Date of publication, distribution, etc. 1958
300 ## - PHYSICAL DESCRIPTION
Extent 350p.
650 ## - SUBJECT ADDED ENTRY--TOPICAL TERM
Topical term or geographic name entry element English Language - Idioms, Corrections, Errors
Holdings
Withdrawn status Lost status Damaged status Not for loan Permanent Location Current Location Date acquired Full call number Barcode Date last seen Price effective from Koha item type
        Indian Institute of Public Administration Indian Institute of Public Administration 1994-06-20 A321 M229 15673 2018-07-21 2018-07-21 Book

Powered by Koha